<?xml version="1.0" encoding="UTF-8"?>
<marc:record xmlns:marc="http://www.loc.gov/MARC21/slim">
   <marc:leader>00000nam a2200000 a 4500</marc:leader>
   <marc:datafield ind1="1" ind2=" " tag="100">
      <marc:subfield code="a">Speulhof, Barbara van der</marc:subfield>
      <marc:subfield code="4">aut</marc:subfield>
      <marc:subfield code="e">Verfasser/-in</marc:subfield>
   </marc:datafield>
   <marc:datafield ind1=" " ind2=" " tag="653">
      <marc:subfield code="a">Anderssein</marc:subfield>
   </marc:datafield>
   <marc:datafield ind1=" " ind2=" " tag="653">
      <marc:subfield code="a">Pinguin</marc:subfield>
   </marc:datafield>
   <marc:datafield ind1="0" ind2="0" tag="245">
      <marc:subfield code="a">Ginpuin</marc:subfield>
   </marc:datafield>
   <marc:datafield ind1="0" ind2="0" tag="245">
      <marc:subfield code="c">Barbara van der Speulhof</marc:subfield>
   </marc:datafield>
   <marc:datafield ind1=" " ind2="1" tag="264">
      <marc:subfield code="a">Münster</marc:subfield>
      <marc:subfield code="b">Coppenrath</marc:subfield>
      <marc:subfield code="c">2014</marc:subfield>
   </marc:datafield>
   <marc:datafield ind1=" " ind2=" " tag="250">
      <marc:subfield code="a">5. Aufl.</marc:subfield>
   </marc:datafield>
   <marc:datafield ind1="1" ind2=" " tag="520">
      <marc:subfield code="a">Weit, weit weg von hier kam eines Tages ein kleiner Pinguin zur Welt, der anders war als die anderen. &#x84;Ich putze auch meine Flimmschwossen!&#x93;, sagte er, als die anderen ihre Schwimmflossen putzten, und: &#x84;Meine Kleider sind auch Warz und schweiß!&#x93; &#x84;Mit dem stimmt doch was nicht!&#x93;, riefen die Pinguine und kugelten sich vor Lachen. Der kleine Pinguin wurde immer trauriger. Was sollte er bloß tun? Schließlich hatte er eine Idee. &#x84;Ich rache eine Meise!&#x93;, verkündete er. Keiner glaubte, dass Ginpuin sich das alleine wirklich trauen würde. Aber er traute sich wohl! Ein Bilderbuch vom Liebhaben und Anderssein, vom Suchen und Finden</marc:subfield>
   </marc:datafield>
   <marc:datafield ind1=" " ind2=" " tag="020">
      <marc:subfield code="a">9783649610540</marc:subfield>
      <marc:subfield code="9">9783649610540</marc:subfield>
   </marc:datafield>
   <marc:datafield ind1=" " ind2=" " tag="300">
      <marc:subfield code="a">[14] Bl. : überw. Ill.</marc:subfield>
   </marc:datafield>
</marc:record>
